logo

Bir Sreshtho Munshi Abdur Rouf Library
Jhenaidah Cadet College

A world of three zeros : (Record no. 10641)

MARC details
000 -LEADER
fixed length control field 01261nam a2200373 a 4500
001 - CONTROL NUMBER
control field 10641
003 - CONTROL NUMBER IDENTIFIER
control field BD-JhCC
005 - DATE AND TIME OF LATEST TRANSACTION
control field 20200202134007.0
008 - FIXED-LENGTH DATA ELEMENTS--GENERAL INFORMATION
fixed length control field 180801s2017 nyu b 001 0 eng
010 ## - LIBRARY OF CONGRESS CONTROL NUMBER
LC control number 2017017988
020 ## - INTERNATIONAL STANDARD BOOK NUMBER
International Standard Book Number 9781610397575 (hardcover)
020 ## - INTERNATIONAL STANDARD BOOK NUMBER
International Standard Book Number 9789351952053
035 ## - SYSTEM CONTROL NUMBER
System control number (BD-JhCC)10641
040 ## - CATALOGING SOURCE
Original cataloging agency DLC
Language of cataloging eng
Transcribing agency DLC
Description conventions rda
Modifying agency DLC
-- BD-JhCC
042 ## - AUTHENTICATION CODE
Authentication code pcc
050 00 - LIBRARY OF CONGRESS CALL NUMBER
Classification number HD60
Item number .Y863 2017
082 00 - DEWEY DECIMAL CLASSIFICATION NUMBER
Classification number 330
Edition number 23
Item number YUN 2017
100 1# - MAIN ENTRY--PERSONAL NAME
Personal name Yunus, Muhammad,
Dates associated with a name 1940-
Relator term author.
245 12 - TITLE STATEMENT
Title A world of three zeros :
Remainder of title the new economics of zero poverty, zero unemployment, and zero net carbon emissions /
Statement of responsibility, etc. Muhammad Yunus with Karl Weber.
250 ## - EDITION STATEMENT
Edition statement First edition.
264 #1 - PRODUCTION, PUBLICATION, DISTRIBUTION, MANUFACTURE, AND COPYRIGHT NOTICE
Place of production, publication, distribution, manufacture New York :
Name of producer, publisher, distributor, manufacturer PublicAffairs,
Date of production, publication, distribution, manufacture, or copyright notice [2017]
300 ## - PHYSICAL DESCRIPTION
Extent vii, 288 pages ;
Dimensions 25 cm
336 ## - CONTENT TYPE
Content type term text
Content type code txt
Source rdacontent
337 ## - MEDIA TYPE
Media type term unmediated
Media type code n
Source rdamedia
338 ## - CARRIER TYPE
Carrier type term volume
Carrier type code nc
Source rdacarrier
504 ## - BIBLIOGRAPHY, ETC. NOTE
Bibliography, etc. note Includes bibliographical references and index.
650 #0 - SUBJECT ADDED ENTRY--TOPICAL TERM
Topical term or geographic name entry element Social responsibility of business.
650 #0 - SUBJECT ADDED ENTRY--TOPICAL TERM
Topical term or geographic name entry element Capitalism
General subdivision Social aspects.
650 #0 - SUBJECT ADDED ENTRY--TOPICAL TERM
Topical term or geographic name entry element Economic development
General subdivision Social aspects.
650 #0 - SUBJECT ADDED ENTRY--TOPICAL TERM
Topical term or geographic name entry element Sustainable development.
650 #0 - SUBJECT ADDED ENTRY--TOPICAL TERM
Topical term or geographic name entry element Equality
General subdivision Economic aspects.
700 1# - ADDED ENTRY--PERSONAL NAME
Personal name Weber, Karl,
Dates associated with a name 1953-
Relator term author.
942 ## - ADDED ENTRY ELEMENTS (KOHA)
Source of classification or shelving scheme Dewey Decimal Classification
Koha item type Books
Koha issues (borrowed), all copies 2
Holdings
Withdrawn status Lost status Source of classification or shelving scheme Damaged status Not for loan Collection code Home library Current library Shelving location Date acquired Total Checkouts Full call number Barcode Date last seen Date last checked out Copy number Price effective from Koha item type Source of acquisition Serial Enumeration / chronology Checked out
    Dewey Decimal Classification     Non-fiction JCC Rouf Library JCC Rouf Library General Stacks 08/01/2018 4 330 YUN 2017 14383 06/30/2025 06/23/2025 C-1 08/01/2018 Books      
    Dewey Decimal Classification     Non-fiction JCC Rouf Library JCC Rouf Library General Stacks 08/01/2018 2 330 YUN 2017 14382 10/24/2024 08/25/2024 C-2 08/01/2018 Books      
    Dewey Decimal Classification     Non-fiction JCC Rouf Library JCC Rouf Library General Stacks 12/08/2024 4 330 YUN 2017 19777 10/07/2025 07/20/2025 C-3 12/08/2024 Books With the compliments of Maj (Retd) Syed Sakhawat Hussain,07/0388/K    
    Dewey Decimal Classification     Non-fiction JCC Rouf Library JCC Rouf Library General Stacks 11/29/2025   330 YUN 2017 20367 11/29/2025   C-4 11/29/2025 Books   2024  
    Dewey Decimal Classification     Non-fiction JCC Rouf Library JCC Rouf Library General Stacks 11/29/2025 1 330 YUN 2017 20368 01/27/2026 01/27/2026 C-5 11/29/2025 Books   2024 02/22/2026

JCC Library | Contacts | JCC Home

Last Update on 23 September 2017
Copyright @ 2017-2020 JCC Rouf Library
Rouf Library, Jhenidah Cadet College (JCC), Bangladesh